<?xml version="1.0" encoding="UTF-8"?>
<record
    xmlns:xsi="http://www.w3.org/2001/XMLSchema-instance"
    xsi:schemaLocation="http://www.loc.gov/MARC21/slim http://www.loc.gov/standards/marcxml/schema/MARC21slim.xsd"
    xmlns="http://www.loc.gov/MARC21/slim">

  <leader>01660nam a2200193 a 4500</leader>
  <controlfield tag="008">120515t1982    ag  |||g |||| 001 0 spa d</controlfield>
  <datafield tag="020" ind1=" " ind2=" ">
    <subfield code="a">950654</subfield>
  </datafield>
  <datafield tag="041" ind1=" " ind2=" ">
    <subfield code="a">spa</subfield>
  </datafield>
  <datafield tag="092" ind1=" " ind2=" ">
    <subfield code="c">808</subfield>
    <subfield code="l">65</subfield>
    <subfield code="s">PAD</subfield>
  </datafield>
  <datafield tag="100" ind1="1" ind2=" ">
    <subfield code="a">Padilla, Lila</subfield>
    <subfield code="9">3525</subfield>
  </datafield>
  <datafield tag="245" ind1=" " ind2="3">
    <subfield code="a">De santones y hechiceros /</subfield>
    <subfield code="c">Lila Padilla</subfield>
  </datafield>
  <datafield tag="250" ind1=" " ind2=" ">
    <subfield code="a">1a ed.</subfield>
  </datafield>
  <datafield tag="260" ind1=" " ind2=" ">
    <subfield code="a">Buenos Aires:</subfield>
    <subfield code="b">Enrique S. Rueda Editor;</subfield>
    <subfield code="c">1982.</subfield>
  </datafield>
  <datafield tag="300" ind1=" " ind2=" ">
    <subfield code="a">182 p.</subfield>
  </datafield>
  <datafield tag="500" ind1=" " ind2=" ">
    <subfield code="a">Padilla, L. (1982). De santones y hechiceros. (1a ed.). Buenos Aires : Enrique S. Rueda editor.</subfield>
  </datafield>
  <datafield tag="505" ind1=" " ind2=" ">
    <subfield code="a">Novela tensa, dram&#xE1;tica, de acertada trama, Lila Padilla retoma en "De santones y hechiceros" personajes que nos son familiares pues Osvaldo y el profesor nacieron en "De arc&#xE1;ngeles y demonios". Sin embargo, el clima es otro; ya no la ciudad sino un vallecito tucumano ape&#xF1;uscado entre serran&#xED;as, donde habita un peque&#xF1;o conglomerado social, lo suficientemente numeroso como para mostrar que en todos que en cada uno el bien y el mal coexisten como faces de una misma moneda. La nobleza del agonista contrastando con el ambiente, las gentes posesas de miedos, supersticiones, horrores del m&#xE1;s all&#xE1;, Isidora y el profesor, revelando que ignaros o cultos destruyen cuanto los rodea cuando la perversidad o el odio los convulsionan confieren al libro un todo muy singular. Criaturas que transitan por las p&#xE1;ginas en carne y en entra&#xF1;a, se las oye respirar, o tiemblan sus palabras con la carga de tensiones. Excelente el di&#xE1;logo jugado entre el hablar culto y el natural del resto, unido al encanto de las descripciones del paisaje, esta novela puede esperar la franca adhesi&#xF3;n del lector. </subfield>
  </datafield>
  <datafield tag="655" ind1=" " ind2=" ">
    <subfield code="a">Novela</subfield>
    <subfield code="9">3091</subfield>
  </datafield>
  <datafield tag="942" ind1=" " ind2=" ">
    <subfield code="2">ddc</subfield>
    <subfield code="c">BK</subfield>
  </datafield>
  <datafield tag="999" ind1=" " ind2=" ">
    <subfield code="c">2674</subfield>
    <subfield code="d">2674</subfield>
  </datafield>
  <datafield tag="952" ind1=" " ind2=" ">
    <subfield code="0">0</subfield>
    <subfield code="1">0</subfield>
    <subfield code="2">ddc</subfield>
    <subfield code="4">0</subfield>
    <subfield code="7">0</subfield>
    <subfield code="a">BFM</subfield>
    <subfield code="b">BFM</subfield>
    <subfield code="c">CR</subfield>
    <subfield code="d">2018-03-06</subfield>
    <subfield code="e">Donaci&#xF3;n Dr. Julio Arce, Marzo 2018.</subfield>
    <subfield code="l">1</subfield>
    <subfield code="m">1</subfield>
    <subfield code="o">808 65 PAD</subfield>
    <subfield code="p">4191</subfield>
    <subfield code="r">2018-12-13</subfield>
    <subfield code="s">2018-11-23</subfield>
    <subfield code="t">Ej. 1</subfield>
    <subfield code="w">2018-03-06</subfield>
    <subfield code="y">LIT</subfield>
    <subfield code="z">Proyecto 4to libro. Donaci&#xF3;n Dr. Julio Arce, Marzo 2018.</subfield>
  </datafield>
</record>
